Gaming Quiz

Random Gaming or Pokémon Quiz

Pokemon Generation 1: Ultimate Pokedex Quiz Stats

Quiz not verified by Sporcle

Challenge
Share
Tweet
Embed
Score 0/52 Timer 15:00
0 Plays Today
Hint Answer % Correct
002Ivysaur
97.5%
005Charmeleon
95%
009Blastoise
90%
014Kakuna
70%
015Beedrill
70%
026Raichu
62.5%
020Raticate
60%
022Fearow
57.5%
024Arbok
57.5%
027Sandshrew
57.5%
033Nidorino
52.5%
041Zubat
50%
148Dragonair
50%
037Vulpix
47.5%
040Wigglytuff
47.5%
045Vileplume
47.5%
047Parasect
47.5%
050Diglett
47.5%
054Psyduck
45%
Ditto132
45%
144Articuno
42.5%
146Moltres
42.5%
061Poliwhirl
40%
065Alakazam
40%
068Machamp
40%
069Bellsprout
40%
Hint Answer % Correct
081Magnemite
40%
101Electrode
40%
137Porygon
40%
139Omastar
40%
141Kabutops
40%
083Farfetch'd
37.5%
084Doduo
37.5%
085Dodrio
37.5%
087Dewgong
37.5%
089Muk
37.5%
093Haunter
37.5%
095Onix
37.5%
127Pinsir
37.5%
129Magikarp
37.5%
134Vaporeon
37.5%
075Graveler
35%
104Cubone
35%
110Weezing
35%
113Chansey
35%
117Seadra
35%
118Goldeen
35%
123Scyther
35%
120Staryu
35%
124Jynx
35%
106Hitmonlee
35%
103Exeggutor
32.5%

You're not logged in!

Compare scores with friends on all Sporcle quizzes.
Join for Free
OR
Log In

You Might Also Like...

Show Comments

Extras

Top Quizzes Today


Score Distribution

Your Account Isn't Verified!

In order to create a playlist on Sporcle, you need to verify the email address you used during registration. Go to your Sporcle Settings to finish the process.

Report this User

Report this user for behavior that violates our Community Guidelines.

Details: